Statistics for Neighbouring countries - ending letter is other's initial

Click here to take the quiz!

General Stats

  • This quiz has been taken 51 times
  • The average score is 37 of 50

Answer Stats

Country % Correct
Angola
94%
Angola
94%
Azerbaijan
92%
Azerbaijan
92%
Azerbaijan
92%
Namibia
92%
Russia
92%
Libya
89%
Austria
89%
Austria
89%
Armenia
89%
Algeria
89%
Tunisia
89%
Algeria
89%
Algeria
89%
Armenia
89%
Georgia
86%
Georgia
86%
Mauritania
86%
Slovakia
86%
Slovenia
86%
Central African Republic
83%
Central African Republic
83%
China
81%
Albania
81%
Nigeria
78%
Niger
78%
Afghanistan
78%
Nigeria
78%
North Macedonia
78%
Chad
78%
Bolivia
75%
Argentina
75%
Cameroon
75%
Zambia
75%
Cameroon
75%
Benin
64%
Benin
64%
Sweden
61%
Norway
61%
Mali
58%
Ivory Coast
53%
Saudi Arabia
53%
United Arab Emirates
50%
Israel
47%
Germany
42%
Lebanon
42%
Luxembourg
39%
Eswatini
25%
Mozambique
22%

Score Distribution

Percentile by Number Answered

Percent of People with Each Score

Your Score History

You have not taken this quiz